Night and Low Light Photography (Record no. 3396)
[ view plain ]
| 000 -LEADER | |
|---|---|
| fixed length control field | 00374nam a22001457a 4500 |
| 008 - FIXED-LENGTH DATA ELEMENTS--GENERAL INFORMATION | |
| fixed length control field | 250512b |||||||| |||| 00| 0 eng d |
| 020 ## - INTERNATIONAL STANDARD BOOK NUMBER | |
| ISBN | 9781907708619 |
| 100 ## - MAIN ENTRY--AUTHOR | |
| Author | Taylor Dvid |
| 245 ## - TITLE STATEMENT | |
| Title | Night and Low Light Photography |
| 260 ## - PUBLICATION, DISTRIBUTION, ETC. (IMPRINT) | |
| Place of publication | United Kingdon |
| Name of publisher | Ammonite Press |
| Date of publication | 2012 |
| 300 ## - COLLATION | |
| Pagination | 192P. |
| Other physical details | ill. |
| 650 ## - TRACINGS | |
| Main Subject | Night Photograpgy |
| 942 ## - ADDED ENTRY ELEMENTS (KOHA) | |
| Item type | Books |
| 050 ## - LIBRARY OF CONGRESS CALL NUMBER | |
| Classification number | TR610 |
| Item number | .T39 |
| Source of classification or shelving scheme | Not for loan | Permanent location | Current location | Date acquired | Accession No. | Full call number | Barcode. | Koha item type |
|---|---|---|---|---|---|---|---|---|
| Library of Congress Classification | Samuel Ogbemudia Main Library, University of Abuja | Samuel Ogbemudia Main Library, University of Abuja | 05/12/2025 | 2024/64148 | TR610.T39 | 2025-1866 | Books |